|
|
|
|
| LEADER |
03176nam a2200373 a 4500 |
| 001 |
GR-Antirio1020 |
| 008 |
140627s2006 xxu g b 001 0 eng d |
| 020 |
|
|
|a 0072981148
|q (alk.paper)
|
| 040 |
|
|
|a GrPaTEI
|b gre
|c GR-PaULI
|
| 040 |
|
|
|a GrPaTEI
|b gre
|c GR-PaULI
|
| 082 |
|
0 |
|a 384.0973
|2 22
|
| 100 |
1 |
|
|a Gross, Lynne S.
|
| 245 |
1 |
0 |
|a Telecommunications :
|b radio, television, and movies in the digital age /
|c Lynne Schafer Gross, Edwad John Fink.
|
| 250 |
|
|
|a 9th ed.
|
| 260 |
|
|
|a Boston :
|b McGraw Hill,
|c 2006
|
| 300 |
|
|
|a v, 458 σ. :
|b εικ.
|
| 504 |
|
|
|a Περιλαμβάνει βιβλιογραφίες και ευρετήριο.
|
| 650 |
|
0 |
|a Telecommunication
|
| 650 |
|
4 |
|a Τηλεπικοινωνίες
|
| 700 |
1 |
|
|a Fink, Edward John
|
| 710 |
0 |
|
|a McGraw-Hill
|
| 942 |
|
|
|2 ddc
|
| 952 |
|
|
|0 0
|1 0
|2 ddc
|4 0
|6 384_097300000000000_GRO
|7 0
|9 262734
|a LISK-2
|b LISK-2
|c BSC
|d 2021-01-17
|e 24
|f 0
|g 0.00
|l 0
|o 384.0973 GRO
|p 2430000008088
|r 2021-01-17 00:00:00
|t 1
|w 2021-01-17
|y BK15
|x 20140702 0 ΧΑΣΑΝΗ 1
|x GrPaTEI - Antirrio
|
| 952 |
|
|
|0 0
|1 0
|2 ddc
|4 0
|6 384_097300000000000_GRO
|7 0
|9 262735
|a LISK-2
|b LISK-2
|c BSC
|d 2021-01-17
|e 24
|f 0
|g 0.00
|l 0
|o 384.0973 GRO
|p 2430000008089
|r 2021-01-17 00:00:00
|t 1
|w 2021-01-17
|y BK15
|x 20140702 0 ΧΑΣΑΝΗ 1
|x GrPaTEI - Antirrio
|
| 952 |
|
|
|0 0
|1 0
|2 ddc
|4 0
|6 384_097300000000000_GRO
|7 0
|9 262736
|a LISK-2
|b LISK-2
|c BSC
|d 2021-01-17
|e 24
|f 0
|g 0.00
|l 0
|o 384.0973 GRO
|p 2430000008090
|r 2021-01-17 00:00:00
|t 1
|w 2021-01-17
|y BK15
|x 20140627 0 ΧΑΣΑΝΗ 1
|x GrPaTEI - Antirrio
|
| 952 |
|
|
|0 0
|1 0
|2 ddc
|4 0
|6 384_097300000000000_GRO
|7 0
|9 262737
|a LISK-2
|b LISK-2
|c BSC
|d 2021-01-17
|e 24
|f 0
|g 0.00
|l 0
|o 384.0973 GRO
|p 2430000008091
|r 2021-01-17 00:00:00
|t 1
|w 2021-01-17
|y BK15
|x 20140627 0 ΧΑΣΑΝΗ 1
|x GrPaTEI - Antirrio
|
| 952 |
|
|
|0 0
|1 0
|2 ddc
|4 0
|6 384_097300000000000_GRO
|7 0
|9 262738
|a LISK-2
|b LISK-2
|c BSC
|d 2021-01-17
|e 24
|f 0
|g 0.00
|l 0
|o 384.0973 GRO
|p 2430000008092
|r 2021-01-17 00:00:00
|t 1
|w 2021-01-17
|y BK15
|x 20140627 0 ΧΑΣΑΝΗ 1
|x GrPaTEI - Antirrio
|
| 952 |
|
|
|0 0
|1 0
|2 ddc
|4 0
|6 384_097300000000000_GRO
|7 0
|9 262739
|a LISK-2
|b LISK-2
|c BSC
|d 2021-01-17
|e 24
|f 0
|g 0.00
|l 0
|o 384.0973 GRO
|p 2430000008093
|r 2021-01-17 00:00:00
|t 1
|w 2021-01-17
|y BK15
|x 20140702 0 ΧΑΣΑΝΗ 1
|x GrPaTEI - Antirrio
|
| 952 |
|
|
|0 0
|1 0
|2 ddc
|4 0
|6 384_097300000000000_GRO
|7 0
|9 262740
|a LISK-2
|b LISK-2
|c BSC
|d 2021-01-17
|e 24
|f 0
|g 0.00
|l 0
|o 384.0973 GRO
|p 2430000008094
|r 2021-01-17 00:00:00
|t 1
|w 2021-01-17
|y BK15
|x 20140702 0 ΧΑΣΑΝΗ 1
|x GrPaTEI - Antirrio
|
| 952 |
|
|
|0 0
|1 0
|2 ddc
|4 0
|6 384_097300000000000_GRO
|7 0
|9 262741
|a LISK-2
|b LISK-2
|c BSC
|d 2021-01-17
|e 24
|f 0
|g 0.00
|l 0
|o 384.0973 GRO
|p 2430000008095
|r 2021-01-17 00:00:00
|t 1
|w 2021-01-17
|y BK15
|x 20140702 0 ΧΑΣΑΝΗ 1
|x GrPaTEI - Antirrio
|
| 952 |
|
|
|0 0
|1 0
|2 ddc
|4 0
|6 384_097300000000000_GRO
|7 0
|9 262742
|a LISK-2
|b LISK-2
|c BSC
|d 2021-01-17
|e 24
|f 0
|g 0.00
|l 0
|o 384.0973 GRO
|p 2430000008096
|r 2021-01-17 00:00:00
|t 1
|w 2021-01-17
|y BK15
|x 20140702 0 ΧΑΣΑΝΗ 1
|x GrPaTEI - Antirrio
|
| 952 |
|
|
|0 0
|1 0
|2 ddc
|4 0
|6 384_097300000000000_GRO
|7 0
|9 262743
|a LISK-2
|b LISK-2
|c BSC
|d 2021-01-17
|e 24
|f 0
|g 0.00
|l 0
|o 384.0973 GRO
|p 2430000008097
|r 2021-01-17 00:00:00
|t 1
|w 2021-01-17
|y BK15
|x 20140627 0 ΧΑΣΑΝΗ 1
|x GrPaTEI - Antirrio
|
| 971 |
|
|
|a .b25708193
|b 15-04-20
|c 12-09-16
|
| 999 |
|
|
|c 151376
|d 151376
|